Rozbor spolupráce superkondenzátorov a akumulátorov počas zaťažovania
Uložené v:
| Hlavný autor: | |
|---|---|
| Ďalší autori: | |
| Médium: | Rukopis Kniha |
| Jazyk: | Slovak |
| Vydavateľské údaje: |
Bratislava :
STU v Bratislave FEI,
2013
|
| Predmet: | |
| On-line prístup: | VAIS |
| Tagy: |
Žiadne tagy, Buďte prvý, kto otaguje tento záznam!
|
MARC
| LEADER | 00000ntm a22000003a 4500 | ||
|---|---|---|---|
| 001 | stu271186 | ||
| 005 | 20160526102243.1 | ||
| 008 | 130718s2013----xo------------------slo-d | ||
| 040 | |a STU |b slo | ||
| 041 | 0 | |a slo | |
| 044 | |a xo | ||
| 100 | 1 | |a Ikréni, Miroslav, |d 1991- |4 aut |u E |T FEI Fakulta elektrotechniky a informatiky |X 5574 |U E |Y 30 |7 A000005574 | |
| 242 | 0 | 0 | |a Analysis of cooperation Supercapacitors and accumulators during straining |y eng |
| 245 | 1 | |a Rozbor spolupráce superkondenzátorov a akumulátorov počas zaťažovania | |
| 260 | |a Bratislava : |b STU v Bratislave FEI, |c 2013 | ||
| 300 | |a 61 s |c CD-ROOM | ||
| 650 | 7 | |a Automobile Electronics |2 estusub | |
| 700 | 1 | |a Bugár, Martin |d 1986 |4 ths |u E020 |U FEI Fakulta elektrotechniky a informatiky |T FEI Ústav elektroenergetiky a aplikovanej elektrotechniky |X 14157 |U E020 |Y 548 |7 A000014157 | |
| 856 | 4 | |a info a plný text |u http://is.stuba.sk/zp/portal_zp.pl?podrobnosti=77568 |3 VAIS | |
| 996 | |b 284ER01173 |c E*Bc-1173 |l EE33 |s P |a 0 |w stu271186_0001 | ||